A biomechanical comparison of the military boot and the running shoe /

Bibliographic Details
Main Author: De Moya, Richard Graham
Format: Thesis Microform Book
Language:English
Published: [Place of publication not identified] : [publisher not identified] ; 1981.
Subjects:

MARC

Tag First Indicator Second Indicator Subfields
LEADER 00000cam a2200000 a 4500
001 in00000023806
005 20151007054331.0
007 he bmb|||||||
008 840419r19841981orua bb 00010 eng d
035 |a (OCoLC)10648551 
035 |9 AAB4724AM 
040 |a XBM  |c XBM  |d HPE  |d OCL  |d TXA  |d UtOrBLW 
049 |a TXAI 
099 |a fiche  |a C  |a 6682 
100 1 |a De Moya, Richard Graham. 
245 1 2 |a A biomechanical comparison of the military boot and the running shoe /  |c by Richard Graham de Moya. 
264 1 |a [Place of publication not identified] :  |b [publisher not identified] ;  |c 1981. 
300 |a x, 119 leaves :  |b illustrations 
336 |a text  |b txt  |2 rdacontent 
337 |a microform  |b h  |2 rdamedia 
338 |a microfiche  |b he  |2 rdacarrier 
502 |b M.S.  |c Pennsylvania State University  |d 1981. 
504 |a Bibliography: leaves [81]-82. 
533 |a Microfiche.  |b Eugene :  |c Microform Publications, College of Human Development and Performance, University of Oregon,  |d 1984.  |e 2 microfiches : negative ; 11 x 15 cm. 
500 |a Microform. 
650 0 |a Human mechanics. 
650 0 |a Boots. 
650 0 |a Running shoes. 
650 0 |a Running  |x Physiological aspects. 
999 |a MARS 
999 f f |s 1e758c23-501f-352f-a248-fb87450d03fa  |i 91431716-f760-32d0-8306-d2399aba7081  |t 0 
952 f f |p normal  |a Texas A&M University  |b College Station  |c Sterling C. Evans Library  |d Evans: Microforms (3rd floor)  |t 0  |e fiche C 6682  |h Other scheme  |i microform -- microfiche  |m A14823000254 
998 f f |a fiche C 6682  |t 0  |l Evans: Microforms (3rd floor)